000
00263nam a2200121Ia 4500
005
20251222152554.0
008
251222s9999||||xx |||||||||||||| ||spa||
082
_a
800/H16
100
_a
Hailey, Arthur
245
0
_a
Aeropuerto
264
_b
Portada
942
_c
LIB
999
_c
26359
_d
26359